Journal of environmental economics and management

Uložené v:
Podrobná bibliografia
Médium: Seriál
Jazyk:English
Vydavateľské údaje: New York Academic Press 1982
Tagy: Pridať tag
Žiadne tagy, Buďte prvý, kto otaguje tento záznam!

MARC

LEADER 00000nas2a22000001 4500
001 s122629
005 20250730114209.4
041 0 |a eng 
044 |a US 
245 1 0 |a Journal of environmental economics and management 
264 1 |a New York  |b Academic Press  |c 1982 
300 |a 1 zv. 
773 0 |w eu_un_cat*s120130